01113 2200349 4500001002100000005001500021035002000036007000300056008004100059020002200100040002200122082001200144084001400156090002200170100004100192245012600233250003500359300004500394500001100439650001700450700003800467700003400505700003300539850001200572504002900584264003200613336002100645337003000666338002300696999002200719990002200741INLIS00000000086004320210520101147 a0010-0521000624ta210520s2020 yoia g 1 ind d a978-623-02-0491-3 aYOPDYOGbinderda04223a540 a540 HAR k aCB-D.11 2020-25650 aHaris Puspito Buwonod1980-epenulis10aKimia teknik untuk teknisi pesawat udara /cpenulis, Haris Puspito Buwono, Satworo Adiwidodo, Akhmad Faizin, Imam Mashudi aCetakan pertama: Januari, 2020 ax, 123 halaman :bgambar, tabel ;c25 cm aindeks 4aKimia teknis0 aSatworo Adiwidodod1978-epenulis0 aAkhmad Faizind1964-epenulis0 aImam Mashudid1963-epenulis aYOPDYOG aBibliografi: halaman 11431aSleman :bDeepublish,c2020 2rdacontentateks 2rdamediaatanpa perantara 2rdacarrieravolume aCB-D.11/2020-2565 aCB-D.11/2020-2565